000 00656nam a22001817a 4500
008 180723b xxu||||| |||| 00| j tur d
020 _a9756611804
041 _atur
050 _aPL248.K882
100 _aKutlu, Mustafa
_91067
245 _a Rüzgârlı Pazar
250 _a1.Basım
260 _aİstanbul
_bDergâh Yayınları
_cEylül 2004
300 _a185 Sayfa
500 _aDergâh Yayınları : 282 Türk Edebiyatı-Hikaye : 27 Mustafa Kutlu serisi : 21 1.b. Eylül 2004, 2.b. Ekim 2004, 2. Basımı mevcuttur. 1. ve 2. Basımı olmak üzere 2.Adet mevcuttur.
650 0 _9145
_aTürk Edebiyatı
942 _2lcc
_cBK
999 _c2331
_d2290